| 000 | 00530nam a22002291c 4500 | ||
|---|---|---|---|
| 001 | a987660558 | ||
| 008 | 080327s1999 gw |||| 000u rus d | ||
| 041 | _arus | ||
| 100 | 1 | _aTurčin, Ivan F. | |
| 245 | 0 | 0 | _aSorok let na ispytanijach jadernogo oružija |
| 264 |
_aSarov, _c1999 |
||
| 300 | _a177 S. | ||
| 650 | 0 | _aAtomare Rüstung | |
| 650 | 0 | _aKalter Krieg | |
| 650 | 0 | _aForschung | |
| 650 | 0 | _a | |
| 651 | 0 | _aSowjetunion | |
| 710 | 2 | _aRFJaC-VNIIEF | |
| 942 | _cMG | ||
| 040 | _cRU-10907106 | ||
| 003 | RU-10907106 | ||
| 999 |
_c15761 _d15761 |
||